000 00373 a2200169 4500
001 161908
020 _a85-322-0711-1
040 _cMagnum
100 _aBraz, Julio Emilio
240 1 0 _aEnquanto houver vida viverei
_lpor
245 1 0 _aEnquanto houver vida viverei
300 _a63
362 0 _a1994
440 1 _aFTD
697 _aLITERATURA JUVENIL
942 _cBK
999 _c161908
_d161908